| 000 | 00528cam a22001694a 4500 | ||
|---|---|---|---|
| 005 | 20250605163401.0 | ||
| 008 | 250528s ||||||||||||||||||||||||d | ||
| 035 | _a18039 | ||
| 040 |
_aGR-AtMCL _bgre _dGR-AtMCL _eAACR2 |
||
| 245 | 1 | _aΤΙ ΝΑ ΛΕΤΕ ΣΤΑ ΠΑΙΔΙΑ ΣΑΣ ΓΙΑ ΤΟ ΣΕΞ | |
| 250 | _a1 | ||
| 260 |
_bΑμερικανικη Εταιρεια Μελετων Για Το Παιδι _bΙ.Δ. Αρσενιδης & Σια, _c1987 |
||
| 300 | _a149 | ||
| 942 | _cBK | ||
| 999 |
_c3431 _d3431 |
||